Guess the kpop artist/group by random songs from my playlist - Statistics

General Stats
  • This quiz has been taken 176 times
  • The average score is 80 of 96
Answer Stats
Song Group/Artist % Correct
Stay Blackpink
99%
Boombayah Blackpink
99%
Shut Down Blackpink
99%
Crazy Over You Blackpink
99%
Pink Venom Blackpink
99%
Dynamite BTS
97%
Euphoria BTS
97%
Drunz-Dazed Enhypen
97%
Shout out Enhypen
97%
Bite Me Enhypen
97%
XO (Only if you say yes) Enhypen
97%
Fever Enhypen
97%
LALISA Lisa
97%
Rockstar Lisa
97%
S-class Stray Kids
97%
TRUMAN Stray Kids
97%
God's Menu Stray Kids
97%
LALALALA Stray Kids
97%
Hallucination Stray Kids
97%
Red Lights Stray Kids
97%
CINEMA Stray Kids
97%
This Is For TWICE
97%
Strategy TWICE
97%
YES or YES TWICE
97%
What Is Love ? TWICE
97%
Hurt New Jeans
96%
Supernatural New jeans
96%
Super Shy New Jeans
96%
Hot Sauce Babymonster
95%
BATTER UP Babymonster
95%
FOREVER Babymonster
95%
Tick-Tack Illit
95%
Cherish (My love) Illit
95%
Magnetic Illit
95%
Armageddon Aespa
94%
Next Level Aespa
94%
Hold on Tight Aespa
94%
Good Thing I-dle
94%
My Bag I-dle
94%
Tomboy I-dle
94%
Oh my god I-dle
94%
Nxde I-dle
94%
Klaxon I-dle
94%
LION I-dle
94%
Wife I-dle
94%
Queencard I-dle
94%
WANNABE Itzy
94%
Girls Will Be Girls Itzy
94%
Rebel Heart IVE
94%
I AM IVE
94%
LOVE DIVE IVE
94%
After Like IVE
94%
Baddie IVE
94%
Extra L Jennie
94%
Mantra Jennie
94%
HOT Le Sserafim
94%
ANTIFRAGILE Le Sserafim
94%
CRAZY Le Sserafim
94%
Love Shot EXO
92%
Really Bad Boy Red Velvet
89%
Chill Kill Red Velvet
89%
Russian Roulette Red Velvet
89%
3am Rosé
89%
Toxil till the end Rosé
89%
Bouncy Ateez
88%
Deja Vu Ateez
88%
Dice NMIXX
88%
KNOW ABOUT ME NMIXX
88%
Maestro Seventeen
88%
Earthquake Jisoo
86%
Chasing that feeling TXT
86%
We Lost The Summer TXT
86%
Cupid Fifty Fifty
83%
I Love My Body Hwasa
82%
Maria Hwasa
82%
ABCD Nayeon
82%
Gee Girl's Generation
71%
La Vie En Rose IZONE
70%
DARARI Treasure
67%
Still with you Jungkook
66%
Air Yeji
64%
Who Jimin
63%
Candy NCT Dream
62%
Woke Up XG
58%
Freak Yuqi
50%
HER Minnie
48%
Haru Haru BIGBANG
46%
Are You Alive TripleS
41%
Dun Dun Dance OH MY GIRL
38%
Shhh ! VIVIZ
34%
All Night Astro
18%
Dash PLAVE
18%
Shattered 1verse
17%
Multiverse 1verse
17%
LUV Apink
17%
Let Me Love You P1Harmony
13%
No matching quizzes found
Score Distribution
Percent of People with Each Score
Percentile by Number Answered
Your Score History
You have not taken this quiz